000 01536cam a22004574i 4500
003 PE-LiUPU
005 20250731172928.0
008 150623s r 000 0 d
020 _a0800627601
035 _a(Sirsi) i9780800627607
040 _aPE-LiUPU
_bspa
_cPE-LiUPU
_erda
049 _aPRUA
082 0 4 _a253.5
_bS82
_221
100 1 _aStone, Howard W.,
_eautor.
245 1 0 _aCrisis counseling /
_cHoward W. Stone.
264 1 _aMinneapolis, MN :
_bFortress press,
_c1993.
300 _a96 páginas ;
_c22 centímetros
336 _atext
_2rdacontent
337 _aunmediated
_2rdamedia
338 _avolume
_2rdacarrier
504 _aIncluye bibliografía.
505 0 _aThe minister as crisis counselor. -The dynamics of crisis. -A design for intervention. -Extreme interventions. -Portraits in crisis. -The church as caring community.
526 _aSEG42
526 _aSEG41
526 _aSEG40
526 _aSEG39
526 _aP94
526 _aP87
526 _aP86
526 _aP85
526 _aP77
526 _aP76
526 _aP35
650 0 4 _aPsicología pastoral.
942 _2ddc
_cBOOK
949 _a253.5 S82
_wDEWEY
_c1
_i43899
_lCCODEBUL1
_mBUL
_r0
_sY
_tBOOK
_u2015-6-24
_xTEOLOGIA
_PP35
_0COMPRA
_o.STAFF. Colección General
994 _aC0
_bPEPRU
596 _a1
999 _a253.5 S82
_wDEWEY
_c20516
_i43899
_f2021-11-10
_g5
_lCCODEBUL1
_mBUL
_r0
_sY
_tBOOK
_u2015-6-24
_xTEOLOGIA
_PP35
_0COMPRA
_o.STAFF. Colección General
_d20516
980 _81
_gALBERTO SANCHEZ Responsable de Automatización